Kelsenovská a americká koncepcia ústavného súdnictva

Porovnanie dvoch základných modelov ústavného súdnictva - kontinentálneho, ktoré vďačí za svoj vznik právnemu teoretikovi 20. storočia, predstaviteľovi školy právneho normativizmu, Hansovi Kelsenovi a americkému, ktorý, je typický najmä absenciou osobitnej inštitúcie ústavného súdu.

Guardado en:
Detalles Bibliográficos
Autor principal: Turčan, Martin
Formato: Capítulo de libro
Lenguaje:eslovaco
Materias:
Etiquetas: Agregar Etiqueta
Sin Etiquetas, Sea el primero en etiquetar este registro!

MARC

LEADER 00000naa a2200000 4500
001 0192607
005 20221020081654.7
041 0 |a slo 
044 |a SK 
245 1 0 |a Kelsenovská a americká koncepcia ústavného súdnictva  |c Martin Turčan 
520 |a Porovnanie dvoch základných modelov ústavného súdnictva - kontinentálneho, ktoré vďačí za svoj vznik právnemu teoretikovi 20. storočia, predstaviteľovi školy právneho normativizmu, Hansovi Kelsenovi a americkému, ktorý, je typický najmä absenciou osobitnej inštitúcie ústavného súdu. 
610 2 0 |a história 
610 2 0 |a ústava 
610 2 0 |a súdnictvo 
610 2 0 |a súdy 
610 2 0 |a normatívy 
610 2 0 |a Amerika 
100 1 |a Turčan, Martin